=LDR 00000nam 2200000 4500 =001 INLIS000000000024241 =005 20130612122836 =008 ***********************************Ind** =035 ##$$0010-061300000024241 =041 ##$$a Ind =082 ##$$a 028.5 =090 ##$$a 028.5, Mua d =100 ##$$a Muakhir, Ali =245 ##$$a Dibakar hidup - hidup, Ali Muakhir =260 ##$$a 2002 $b Bandung =300 ##$$a 15 hlm, ilus, 18 cm =650 ##$$a Bacaan kanak-kanak =850 ##$$a NBPNMAT